000 00620nam a2200229Ia 4500
008 180523s9999 xx 000 0 und d
020 _a978-1-4422-7883-7
050 _aMAIN G 156.5
050 _b.H47H37 2017
100 _aHargrove, Cheryl M.
245 0 _aCultural heritage tourism :
245 0 _bfive steps for success and sustainability /
245 0 _cCheryl M. Hargrove.
260 _aLanham, Maryland :
260 _bRowman & Littlefield,
260 _c2017
300 _a377 pages :
300 _billustrations ;
300 _c26 cm.
500 _aIncludes index
650 _aHeritage tourism.
999 _c357842
_d357842